| 000 | 01392nam a22002297a 4500 | ||
|---|---|---|---|
| 001 | 6331 | ||
| 003 | FISKH | ||
| 005 | 20250422143357.0 | ||
| 008 | 250422b cb ||||| |||| 00| 0 eng d | ||
| 020 | _a9781107609648 | ||
| 040 |
_aFISKH _beng _cFISKH _dFISKH |
||
| 082 | _a428.240712 | ||
| 100 | _aBrook-Hart, Guy | ||
| 245 |
_aComplete IELTS Bands 6.5-7.5 : _bTeacher's Book / _cBy Brook-Hart and Vanessa Jakeman with David Jay |
||
| 250 | _aFirst published 2013 | ||
| 260 |
_aCambridge : _bCambridge University Press, _c2013. |
||
| 300 |
_a128 pages : _billustrations ; _c28 cm . |
||
| 520 | _aComplete IELTS combines the very best in contemporary classroom practice with stimulating topics aimed at young adults wanting to study at university. This course covers all parts of the IELTS exam in detail, providing information, advice and practice to ensure that students are fully prepared for every aspect of the exam. Informed by the Cambridge English Corpus, Complete IELTS includes examples and exercises which tackle key IELTS problem areas, making it the most authoritative IELTS exam preparation course available. The Teacher's Book contains full teaching notes, answer keys and advice on exam tasks, and also provides extra photocopiable resources, including tests and activities to use in class. | ||
| 700 |
_aJay, David _eIllustrator |
||
| 942 |
_2ddc _cBK _n0 |
||
| 999 |
_c6331 _d6331 |
||